00360nam a2200133 a 450000500170000000800410001705000220005824500360008026000590011630000110017544000210018665000090020765000100021620140513081048.0020906s19uu xx 00 eng d aP 307.3bPRO 2001 aProfessional Community Helpers. aQuezon City, Philippines :bMabuhay Boardgames,c2001. aPoster aTeacher's Choice aJobs aWorks